000
00285nam a2200121Ia 4500
008
190216s9999||||xx |||||||||||||| ||und||
100
_a
Gupta R
245
0
_a
Assistant`S Grade Exam
260
_b
Ramesh Publishing House
_c
1984
300
_a
340p
650
_a
Grade Exam
942
_c
REF
999
_c
35588
_d
35588